Journal of Computational Mathematics

محفوظ في:

التنسيق: دورية

اللغة: Undetermined

منشور في: JSTOR
Institute of Computational Mathematics and Scientific/Engineering Computing

الموضوعات:

الوصول للمادة أونلاين: Login to view Source

الوسوم: إضافة وسم

لا توجد وسوم, كن أول من يضع وسما على هذه التسجيلة!

رقم الطلب:

LEADER 00603nas a2200181Ia 4500
008 220214c99999999xx |||||||||||| ||und||
022 |a 0254-9409 
022 |a 1991-7139 
245 0 0 |a Journal of Computational Mathematics 
264 1 |b JSTOR 
264 1 |b Institute of Computational Mathematics and Scientific/Engineering Computing 
362 0 |a Vol. 1(1983)-33 (2015) 
653 1 0 |a Mathematics 
653 1 0 |a Science & Mathematics 
856 4 0 |u https://www.jstor.org/journal/jcompmath 
942 |c JL 
952 |0 0  |1 0  |4 0  |7 1  |9 35569  |a JSR  |b JSR  |d 2022-02-14  |l 0  |r 2022-02-14 00:00:00  |w 2022-02-14  |y JL 
999 |c 43902  |d 43902